01149nam a2200289 i 4500001000300000100002600003245017400029260005300203300004200256490007900298650006100377650004800438650001500486700003500501830007900536020001800615040000800633041000800641044000800649080001400657080001200671080001200683080001300695080001200708008004100720856009800761bg1 aWójtowicz, Michał.10aZabezpieczanie przed korozją stalowych konstrukcji budowlanych za pomocą powłok malarskich :binstrukcja /cMichal Wójtowicz ; [oprac. red. Danuta Szczepańska]. aWarszawa :bInstytut Techniki Budowlanej,c2010. a38 s. :bil. (w tym kolor.) ;c24 cm.1 aInstrukcje, Wytyczne, Poradniki / Instytut Techniki Budowlanej ;v400/2010 4aKonstrukcje stalowexochrona i konserwacjaxnormalizacja 4aKorozja i erozjaxzapobieganie i zwalczanie 4aInstrukcje1 aSzczepańska, Danuta.eOprac. 0aInstrukcje, Wytyczne, Poradniki - Instytut Techniki Budowlanej ;v400/2010 a9788324932313 cBPK0 apol aPOL a624.014.2 a620.193 a620.197 a006.3/.8 a(083.1)111104s2010 pl a |000 0 pol  uhttp://koha.tu.koszalin.pl/cgi-bin/koha/opac-detail.pl?biblionumber=49855yKatalog online BPK